Premier League Appearances by Nationality: Senegal - Statistics

General Stats
  • This quiz has been taken 9 times
  • The average score is 4 of 10
Answer Stats
Appearances Player % Correct
263 Sadio Mane
100%
256 Idrissa Gana Gueye
88%
96 Pape Mate Sarr
88%
243 El Hadji Diouf
75%
211 Cheikhou Kouyate
38%
129 Papa Bouba Diop
25%
127 Henri Camara
13%
239 Mohamed Diame
13%
166 Abdoulaye Diange-Faye
0%
87 Salif Diao
0%
No matching quizzes found
Score Distribution
Percent of People with Each Score
Percentile by Number Answered
Your Score History
You have not taken this quiz